| 000 | 00438nam a22001697a 4500 | ||
|---|---|---|---|
| 003 | CEME | ||
| 005 | 20210628203553.0 | ||
| 008 | 210201b xxu||||| |||| 00| 0 eng d | ||
| 040 | _c. | ||
| 082 | _a297 RIF | ||
| 100 |
_aRana Riffat Saeed _966312 |
||
| 245 | _aJism-o-hoo muqaddas (sawaws) | ||
| 260 |
_aLAHORE _bISLAMIC PUBLICATIONS _c2000 |
||
| 300 | _a235P | ||
| 650 |
_aISLAM-JISM-O-HOO MUQADDAS (SAWAWS) _966313 |
||
| 942 |
_cBK _2ddc |
||
| 999 |
_c574294 _d574294 |
||